Kluby które najwięcej razy zdobyły puchar Polski - Statystyki

Ogólne statystyki
  • Ten quiz został rozwiązany 53 razy
  • Średni wynik to 9 z 13
Statystyki odpowiedzi
Puchary Kluby % Poprawnych
5 Lech Poznań
100%
20 Legia Warszawa
100%
5 Wisła Kraków
95%
6 Górnik Zabrze
84%
3 Ruch Chorzów
81%
2 Raków Częstochowa
79%
2 Arka Gdynia
72%
2 Lechia Gdańsk
70%
2 Śląsk Wrocław
67%
2 Polonia Warszawa
63%
3 GKS Katowice
58%
3 Amica Wronki
40%
4 Zagłębie Sosnowiec
28%
Nie znaleziono quizów pasujących do podanych kryteriów
Rozkład punktacji
Procent ludzi z każdym wynikiem
Percentyl według liczby udzielonych odpowiedzi
Twoja historia wyników
Nie rozwiązałeś tego quizu